Państwa które są częściowo w Europie - Statystyki

Ogólne statystyki
  • Ten quiz został rozwiązany 29 razy
  • Średni wynik to 9 z 11
Statystyki odpowiedzi
Procent Terytorium pozaeuropejskie Kontynent Państwo % Poprawnych
2% Grenlandia Ameryka Północna Dania
100%
26% Syberia Azja Rosja
96%
8% Anatolia Azja Turcja
96%
82% Gujana _____ Ameryka Południowa Francja
93%
99,98% Wyspy Kanaryjskie Afryka Hiszpania
85%
99,96% Madera Afryka Portugalia
85%
99,93% Falklandy Ameryka Południowa Wielka Brytania
81%
75% Curacao Ameryka Północna Holandia
78%
99,99% Wyspy Pelagijskie Afryka Włochy
78%
99,69% Kastelorizo Azja Grecja
67%
99,98% Wyspa Bouveta nie należy Norwegia
67%
Nie znaleziono quizów pasujących do podanych kryteriów
Rozkład punktacji
Procent ludzi z każdym wynikiem
Percentyl według liczby udzielonych odpowiedzi
Twoja historia wyników
Nie rozwiązałeś tego quizu